00659 2200217 4500001002100000005001500021035002000036007000300056008004100059020002200100082001100122084001700133100002000150245011700170250001100287260004400298300004100342650001500383520003200398990001100430INLIS00000000000162620180221103611 a0010-0218000221ta180221 g 0 ind  a978-602-8864-33-6 a910.09 a910.09 SIL b0 aSILVIA Galikano1 aBukan jelajah Biasa :bOleh - Oleh Cerita, Budaya, Dan Potret Kehidupan Dari Seorang Jurnalis /cSilvia Galikano acet. 1 aYogyakarta :bPT Bentang Pustaka,c2011 aix, 243 Hlm :b.ilus ;c13 x 20,5 Cm aPERJALANAN aBibliografi : 243 - 245 Hlm a13.298